000 00275nam a22001217a 4500
008 170913b xxu||||| |||| 00| 0 eng d
041 _aeng
080 _24 ED
_a53
100 _a43
101 _aFIZ
245 _aUIVERSITY PHYSICS COMPLETE
_cZEMANSKY.S
942 _2udc
_cBK
999 _c27424
_d27424